Тест на общие знания №17 - Statistics

General Stats
  • This quiz has been taken 68 times
  • The average score is 10 of 20
Answer Stats
Вопрос Ответ % Correct
Если сложить все цифры этого трёхзначного числа, получится 27 999
84%
Фанаток какого писателя называли "антоновками"? Антон Чехов
78%
Какой военный конфликт между Англией и Францией длился 116 лет? Столетняя война
78%
Какую одежду подарили Добби, чтобы он стал свободным? носки
76%
Какой фрукт из-за отвратительного запаха запрещено проносить в общественных местах во многих странах Юго-Восточной Азии? дуриан
71%
Назовите любую из двух территорий, входящих в состав Грузии, но признанных Россией как независимых государств? Абхазия / Южная Осетия
69%
Что такое бри, касу-марцу и горгонзола? сорта сыра
63%
Примерами каких чисел являются 3, 5, 7, 11, 13, 23? простые
61%
Синтезом какого вещества занимались Уолтер Уайт и Джесси Пинкман из сериала "Во все тяжкие"? метамфетамин
55%
Как называется самая известная картина Эдварда Мунка? "Крик"
55%
Где работал Шурик в первом акте фильма "Операция "Ы" и другие приключения Шурика?" стройка
53%
Что тянули лебедь, рак и щука из одноимённой басни Ивана Крылова? воз
51%
У Сирии их 3, у Китая их 4, у США - 50. Что это? звёзды на флаге
45%
Согласно выражению, чего мог бы объесться человек, безумно себя ведущий? белена
41%
Какая африканская страна приняла православное христианство в 330-м году н.э.? Эфиопия
35%
Что ел моряк Попай, чтобы мгновенно стать сильным? шпинат
27%
Какому голливудскому киноактёру запрещён въезд в Казахстан, Таджикистан и ещё несколько мусульманских стран? Саша Барон Коэн
22%
Какой итальянский танец, по одной из версий, назван в честь паука, средством от яда которого являются быстрые и резкие движения? тарантелла
18%
События какого аниме-сериала происходят в 1888-м, 1938-м, 1988-м, 1999-м, 2001-м и 2011-м годах? "Невероятные приключения ДжоДжо"
18%
Шлягерами какого музыканта являются "Heartbreak Hotel", "Jailhouse Rock" и "Wonder of You"? Элвис Пресли
16%
No matching quizzes found
Score Distribution
Percent of People with Each Score
Percentile by Number Answered
Your Score History
You have not taken this quiz